000 00809nam a2200253Ia 4500
003 OSt
005 20221005112245.0
006 a|||||r|||| 00| 0
007 ta
008 221004b |||||||| |||| 00| 0 pan d
020 _a9788189284756 (hbk)
024 _a8596
037 _bGift, 24/01/2014,
_cTextual
040 _aCRL
_cCRL
_bpan
041 _2pan
_apan
082 _aQ8441:33:g, 153P9
100 _aਰਾਜਬੀਰ ਕੌਰ
245 0 _aਪਟੀ
_b ਪਾਠ ਅਤੇ ਪ੍ਰਵਚਨ
260 _aਅੰਮ੍ਰਿਤਸਰ
_bਰੂਹੀ ਪ੍ਰਕਾFਨ ਭਾਰਤ
_c2009
300 _a112ਪੰ
_ccm.
650 _aਧਰਮ
942 _hQ8441:33:g, 153P9
_cTEXL
_2cc
999 _c1024346
_d1024346